000 00386nam a2200157Ia 4500
008 220803s9999 xx 000 0 und d
020 _a9780415598064
041 _aeng
082 _a712 ROE
100 _aRoe M Ed.
_925707
245 _aNew Cultural Landscapes
260 _aNew York
_bRoutledge
_c2014
300 _a284p
500 _aENVIR
650 _aLandscape Architecture
_925708
999 _c16455
_d16455